000 00567nam a22001457a 4500
999 _c2063
_d2063
008 200212b ||||| |||| 00| 0 eng d
020 _a1856174719
100 _91656
_aForsthoffer, William E.
245 1 0 _aForsthoffer's rotating equipment handbooks: reliability optimization through component condition monitoring and root cause analysis, Vol. 5
_c/ by William E. Forsthoffer
260 _aOxford
_bElsevier
_c2005
300 _axiii,486p.
490 0 _aForsthoffers rotating equipment handbook
_vVol. 5
650 0 _aTurbomachine
_xMechanical Engineering
942 _cBK